| 000 | 00841 a2200241 4500 | ||
|---|---|---|---|
| 005 | 20251219154744.0 | ||
| 008 | 251219b |||||||| |||| 00| 0 eng d | ||
| 020 | _a978-81-984037-4-2 | ||
| 037 | _cTB | ||
| 040 |
_aCRL _cCRL |
||
| 041 |
_2eng _aeng |
||
| 084 |
_aV2:1993C,(X) R5 _qCRL |
||
| 100 |
_aSingh, Ngangom Dhruba Tara _9822382 |
||
| 245 | _aEnergy cooperation between India and the caspian region | ||
| 260 |
_aNew Delhi, India: _bKW Publishers, _c2025. |
||
| 300 | _axxiv;194p. | ||
| 365 |
_b1580.00 _cINR |
||
| 650 |
_aIndia-Foreign Relations _9858169 |
||
| 650 |
_aEnergy Policy _9858170 |
||
| 650 |
_aInternational Economics relations _9858171 |
||
| 942 |
_cTB _2CC _n0 _hV2:1993C,(X) R5 |
||
| 999 |
_c1436114 _d1436114 |
||